| 000 | 00816nam a2200325Ia 4500 | ||
|---|---|---|---|
| 008 | 160803s9999 xx 000 0 und d | ||
| 020 | _a978-0689837395 | ||
| 100 | _aBlack, Holly | ||
| 245 | 4 | _aThe seeing stone / | |
| 245 | _cby Kevin Crossley-Holland. | ||
| 260 | _aNew York : | ||
| 260 | _bScholastic Inc. | ||
| 260 | _c2001 | ||
| 300 | _a350 pages | ||
| 300 | _c20 cm. | ||
| 440 | _aArthur trilogy ; | ||
| 440 | _vbk. 1 | ||
| 500 | _aSequel: At the crossing-places. | ||
| 650 | _aArthur, King -- | ||
| 650 | _aGreat Britain -- History -- Richard I, 1189-1199 -- | ||
| 650 | _aIdentity -- | ||
| 650 | _aMagic -- | ||
| 650 | _aMiddle Ages -- | ||
| 650 | _xFiction. | ||
| 650 | _xFiction. | ||
| 650 | _xFiction. | ||
| 650 | _xFiction. | ||
| 650 | _xFiction. | ||
| 700 | _a560 | ||
| 999 |
_c298387 _d298387 |
||